000
00302nam a22001337a 4500
008
170706b xxu||||| |||| 00| 0 eng d
020
_a
9780205632930
041
_a
eng
080
_a
821.18
100
_a
22
101
_a
GJL
245
_a
LITERATURE/ A WORLD OF WRITING
_c
PIKE, D.L
942
_2
udc
_c
BK
999
_c
19947
_d
19947